| 000 | 00369nam a2200133Ia 4500 | ||
|---|---|---|---|
| 005 | 20260328104254.0 | ||
| 008 | 260328s9999||||xx |||||||||||||| ||und|| | ||
| 100 | _aBernal, Marta L. | ||
| 245 | 0 |
_aManual de cartón corrugado : _bProcesos Manuales / _cMarta L. Bernal |
|
| 260 | _bJaveriana | ||
| 300 | _a63 p. | ||
| 650 | _aDISEÑO INDUSTRIAL - ELEMENTOS | ||
| 942 | _cBK | ||
| 999 |
_c10364 _d10364 |
||